| 000 | 00823cam a22002411a 4500 | ||
|---|---|---|---|
| 001 | ne 63000361 | ||
| 003 | DLC | ||
| 005 | 20260227111741.0 | ||
| 008 | 890517s1962 ua b 000 0 arar | ||
| 010 | _ane 63000361 | ||
| 035 | _a(OCoLC)23508238 | ||
| 040 |
_aDLC _cMiU _dInU _dDLC |
||
| 042 | _apremarc | ||
| 050 | 0 | 0 |
_aJC311 _b.M75 |
| 100 | 1 | _aMukhaymar, Ṣalāḥ. | |
| 245 | 1 | 0 |
_aDirāsāt fī al-qawmīyah : _bmaʻa Haykal naẓarīyah tafsīrīyah fī al-qawmīyah al-ʻArabīyah / _ciʻdād Ṣalāḥ Mukhaymar, ʻAbduh Mikhāʼīl Rizq. |
| 260 |
_a[Cairo] : _bDār al-Fikr al-ʻArabī, _c1962. |
||
| 300 |
_a12, 212 p. ; _c24 cm. |
||
| 500 | _a"Muʻjam al-muṣṭalaḥāt" : [193]-212. | ||
| 504 | _aIncludes bibliographical references. | ||
| 650 | 0 | _aNationalism | |
| 700 | 1 | _aRizq, ʻAbduh Mīkhāʼīl. | |
| 999 |
_c45593 _d45593 |
||